All Jersey Winners in Le Tour de France since 2010 - Statistics

General Stats
  • This quiz has been taken 330 times
    10 since last reset
  • The average score is 44 of 57
Answer Stats
Year Winner % Correct
2017 Chris Froome
100%
2016 Chris Froome
100%
2015 Chris Froome
100%
2013 Chris Froome
100%
2015 Chris Froome
100%
2018 Geraint Thomas
100%
2022 Jonas Vingegaard
100%
2021 Tadej Pogačar
100%
2020 Tadej Pogačar
100%
2021 Tadej Pogačar
100%
2020 Tadej Pogačar
100%
2021 Tadej Pogačar
100%
2020 Tadej Pogačar
100%
2019 Egan Bernal
90%
2019 Egan Bernal
90%
2025 Florian Lipowitz
90%
2023 Giulio Ciccone
90%
2023 Jasper Philipsen
90%
2025 Jonathan Milan
90%
2021 Mark Cavendish
90%
2011 Mark Cavendish
90%
2019 Peter Sagan
90%
2018 Peter Sagan
90%
2016 Peter Sagan
90%
2015 Peter Sagan
90%
2014 Peter Sagan
90%
2013 Peter Sagan
90%
2012 Peter Sagan
90%
2024 Remco Evenepoel
90%
2014 Vincenzo Nibali
90%
2016 Adam Yates
80%
2010 Andy Schleck
80%
2010 Andy Schleck
80%
2024 Biniam Girmay
80%
2012 Bradley Wiggins
80%
2011 Cadel Evans
80%
2019 Romain Bardet
80%
2017 Simon Yates
80%
2017 Warren Barguil
80%
2017 Michael Matthews
70%
2016 Rafał Majka
70%
2014 Rafał Majka
70%
2024 Richard Carapaz
70%
2020 Sam Bennett
70%
2022 Wout van Aert
70%
2018 Pierre Latour
60%
2014 Thibaut Pinot
60%
2013 Nairo Quintana
50%
2015 Nairo Quintana
50%
2013 Nairo Quintana
50%
2018 Julian Alaphilippe
40%
2011 Samuel Sánchez
40%
2011 Pierre Rolland
30%
2012 Tejay van Garderen
30%
2010 Alessandro Petacchi
20%
2012 Thomas Voeckler
20%
2010 Anthony Charteau
0%
No matching quizzes found
Score Distribution
Percent of People with Each Score
Percentile by Number Answered
Your Score History
You have not taken this quiz since the last reset